Statistics for Sculpture Quiz

Click here to take the quiz!

General Stats

  • This quiz has been taken 32 times
  • The average score is 4 of 15

Answer Stats

Answer% Correct
Henry Moore
66%
Gian Lorenzo Bernini
62%
Pablo Picasso
55%
Donatello
41%
Giambologna
34%
Alexander Calder
31%
Jeff Koons
28%
Bertel Thorvaldsen
21%
Pierre Puget
21%
Vladimir Tatlin
17%
Donald Judd
10%
Étienne Maurice Falconet
10%
Louis-François Roubiliac
10%
Joseph Beuys
7%
Richard Long
3%

Score Distribution

Percentile by Number Answered

Percent of People with Each Score

Your Score History

You have not taken this quiz